Business law. / (Record no. 4784)

MARC details
000 -LEADER
fixed length control field 01861nam a22001697a 4500
008 - FIXED-LENGTH DATA ELEMENTS--GENERAL INFORMATION
fixed length control field 140915b xxu||||| |||| 00| 0 eng d
020 ## - INTERNATIONAL STANDARD BOOK NUMBER
International Standard Book Number 0406006202
050 ## - LIBRARY OF CONGRESS CALL NUMBER
Classification number KD1629.Sa9
100 ## - MAIN ENTRY--PERSONAL NAME
Personal name Savage, Nigel
245 ## - TITLE STATEMENT
Title Business law. /
Statement of responsibility, etc. Nigel Savage
260 ## - PUBLICATION, DISTRIBUTION, ETC.
Place of publication, distribution, etc. London:
Name of publisher, distributor, etc. Butterworths,
Date of publication, distribution, etc. 1993.
300 ## - PHYSICAL DESCRIPTION
Extent xxxiii, 579p.:
Dimensions 24cm
500 ## - GENERAL NOTE
General note Includes index.
505 ## - FORMATTED CONTENTS NOTE
Formatted contents note Contents: Business regulation, the state and the legal process: Business regulation -- The State, the law and the legal system -- The Law to torts : The Law of torts -- Trespass-- Defamation -- Economic torts -- Negligence -- Defence and remedies -- Special forms of liability in negligence -- Nuisance -- The Effectiveness of the tort system- some alternatives -- Contract: Agreement -- Consideration and intention -- Statements made in a contractual setting -- Factors affecting the validity of contracts -- Contracts and public policy -- Discharge, breach and remedies -- Exclusion of liability -- Privity of contract -- The Classification and regulation of business transactions- goods and services: Statutory implied terms in contracts for the sale and supply of goods -- Passing of property and risk in contracts of sale -- Who can pass title in contract of sale? -- Delivery and payment in contract of sale -- Contracts involving services -- Financing the supply of goods and services: The Development and regulation of credit -- regulated agreements -- Control of credit agreements -- Business relations: Agency -- The Business and the workforce -- The Legal framework of business organization -- Partnership -- Corporate status -- Corporate capital -- Distribution of corporate power and authority in law and reality -- Corporate insolvency and winding up -- Takeovers and mergers -- Dealings in securities and financial services.
650 ## - SUBJECT ADDED ENTRY--TOPICAL TERM
Topical term or geographic name entry element Business Law
942 ## - ADDED ENTRY ELEMENTS (KOHA)
Source of classification or shelving scheme Library of Congress Classification
Koha item type Books
Holdings
Withdrawn status Lost status Source of classification or shelving scheme Damaged status Not for loan Home library Current library Shelving location Date acquired Total Checkouts Full call number Barcode Date last seen Copy number Price effective from Koha item type
    Library of Congress Classification     WISCONSIN INTERNATIONAL UNIVERSITY COLLEGE, GHANA - MAIN LIBRARY WISCONSIN INTERNATIONAL UNIVERSITY COLLEGE, GHANA - MAIN LIBRARY Law Library 15/09/2014   KD1629. Sa9 159/13 15/09/2014 1 15/09/2014 Books

If you have any concerns or questions; kindly contact the library


© Powered by WIUC ICT DIRECTORATE